Normal view
MARC view
Entry Topical Term
001 - CONTROL NUMBER
- control field: 60165
003 - CONTROL NUMBER IDENTIFIER
- control field:
005 - DATE AND TIME OF LATEST TRANSACTION
- control field: 20241011161454.0
008 - FIXED-LENGTH DATA ELEMENTS
- fixed length control field: 241011|| aca||aabn | a|a d
040 ## - CATALOGING SOURCE
- Original cataloging agency:
- Transcribing agency:
150 ## - HEADING--TOPICAL TERM
- Topical term or geographic name entry element: Hémon, Louis, 1880-1913. Maria Chapdelaine
670 ## - SOURCE DATA FOUND
- Source citation: Work cat.: ()20605: HEMON, Louis 1880-1913 60164, Maria Chapdelaine, a tale of the Lake St. John Country /, 1958
